000 00357pab a2200145 454500
008 180718b1983 xxu||||| |||| 00| 0 eng d
100 _aReinken, J.
245 _aThe public service and minister - an appreciation
260 _c1983
300 _a20-1
362 _aDec.
650 _aCivil Service - New Zealand
773 _aPublic Sector
909 _a5803
999 _c5803
_d5803